| 000 | 00978cam a22002895a 4500 | ||
|---|---|---|---|
| 001 | 7950824 | ||
| 005 | 20151203154124.0 | ||
| 008 | 760916s2014 ii a frb 001 0 eng d | ||
| 020 | _a9789339204006 | ||
| 020 | _a933920400X | ||
| 040 |
_aDLC _cOTU _dOCoLC _dDLC _dEG-ScBUE _beng |
||
| 082 | 0 | 4 |
_a622.3382 _222 _bAMY |
| 100 | 1 |
_aAmyx, James W. _938831 |
|
| 245 | 1 | 0 |
_aPetroleum reservoir engineering : _bphysical properties / _cJames W. Amyx, Daniel M. Bass, Robert L. Whiting. |
| 250 | _aIndian ed. | ||
| 260 |
_aNew Delhi : _bMcGraw-Hill Education (India) Private Limited, _c2014. |
||
| 300 |
_axix, 610 p. : _bill. ; _c24 cm. |
||
| 500 | _aIncludes indexes. | ||
| 504 | _aIncludes bibliographical references. | ||
| 650 | 0 |
_aOil fields. _2BUEsh |
|
| 650 | 0 |
_aPetroleum engineering. _2BUEsh |
|
| 651 | _2BUEsh | ||
| 653 |
_bENGPET _bENGGEN _cMarch2015 _cDecember2015 |
||
| 700 | 1 |
_aBass, Daniel M. _q(Daniel Materson), _d1926- |
|
| 700 | 1 | _aWhiting, Robert L. | |
| 942 | _2ddc | ||
| 999 |
_c19030 _d19002 |
||